00565nam a2200169Ia 4500008004100000100001700041245009000058245001700148260005900165260000900224300001100233650001800244650001500262856002600277999001900303952007300322170221s9999 xx 000 0 und d aJinal Parikh aReaders’ Perceptions of Leading Vernacular Dailies in Ahmedabad, (Gujarat, India)  cJinal Parikh bOnline Journal of Communication and Media Technologies c2013 a33 : 2 xCommunication xMedia Arts uhttp://www.ojcmt.net/ c310988d310988 001040aCLbCLd2017-02-21l0r2017-02-21 00:00:00w2017-02-21yFOJ